| 000 | 00577nmm a2200241 a 4500 | ||
|---|---|---|---|
| 003 | AR-BaBNM | ||
| 005 | 20251128205904.0 | ||
| 008 | 048019s1996 ||||||||||||||000 | spa|| | ||
| 020 | _a84-254-1960-3 | ||
| 040 | _cAR-BaBNM | ||
| 100 | 1 | _aBoeck, Jutta | |
| 245 | 1 | 0 | _aMamá se ha enamorado |
| 250 | _a1ª ed. | ||
| 260 |
_aBarcelona _bHerder _c1996 |
||
| 300 | 0 | _bil. | |
| 650 | 4 | _aEDUCACION SEXUAL | |
| 650 | 4 | _aAMOR | |
| 650 | 4 | _aRELACION PADRES-HIJOS | |
| 653 | 0 | _aTEMAS TRANSVERSALES | |
| 700 | 1 |
_aFelsmann, Ilka _eilustrador |
|
| 942 | _cBK | ||
| 998 | _cCarmen | ||
| 999 |
_c13166 _d13166 |
||